000 00881nam a2200241 a 4500
001 68860
003 BD-RjUL
005 20211209081822.0
008 170406s2002 bg a|||| |||| 001 0 eng d
020 _a9840742868
035 _a(BD-RjUL)69071
040 _aBD-RjUL
_beng
_cBD-RjUL
041 _aeng
082 _223
_a530
_bROG 2002
100 _aরশীদ, হারুন অর
_9204047
245 _aগ্রুপতত্ত্ব ও পদার্থবিজ্ঞানে এর প্রয়োগ /
_cহারুন অর রশীদ
260 _aঢাকা :
_bবাংলা একাডেমী,
_c২০০২
300 _a২২৪ পৃ. ;
_c২২ সেমি.
500 _aনির্ঘন্ট সংযোজিত।
650 _aপদার্থবিজ্ঞান
_9204048
650 _aPhysics.
_9204065
942 _2ddc
_cBK
999 _c68860
_d68860